00832nam a2200253 a 450000100060000000300080000600500170001400800410003103500190007204000200009104100080011108200270011924500400014626000670018630000170025350000470027050400530031750500110037058000820038165000230046365000160048665000180050270000580052057560BD-RjUL20211209080527.0161210s1979uuuuii uu b 0 a0eng  a(BD-RjUL)57684 aDNALbengcDNAL aeng 223a571.8452bADV 197900aAdvances in pollen-spore research / aNew Delhi :b Today & Tomorrow's Printers and Publishersc1979 av. ;c25 cm. aEach issue also carry a distinctive title. aIncludes bibliographical references and indexes. aV.4 -- aContinues the monographic work, Advances in palynology edited by P.K.K. Nair. 0aPollen.Palynology. 0aPalynology. 0aPlant spores.12aNair, P. K. K.q(Parameswaran Krishnan Kutty),d1930-